ბათუმის შოთა რუსთაველის სახელმწიფო უნივერსიტეტის ბიბლიოთეკა

Монтаж отопительно-производственных котельных установок. (ბიბ.ჩანაწერი № 36996)

000 -LEADER
fixed length control field 00753nam a2200205Ia 4500
001 - CONTROL NUMBER
control field 2948
003 - CONTROL NUMBER IDENTIFIER
control field GE_BSU
008 - FIXED-LENGTH DATA ELEMENTS--GENERAL INFORMATION
fixed length control field 181216s||||||||xx |||||||||||||| ||und||
040 ## - CATALOGING SOURCE
Transcribing agency GE_BSU
080 ## - UNIVERSAL DECIMAL CLASSIFICATION NUMBER
Universal Decimal Classification number 697.32.057(035.3)
100 ## - MAIN ENTRY--PERSONAL NAME
Personal name Березнев,В.А. Бондаренко,В.В. Грузинов, Е.В. и др.
245 ## - TITLE STATEMENT
Title Монтаж отопительно-производственных котельных установок.
245 ## - TITLE STATEMENT
Statement of responsibility, etc. Под.ред.Е.В.Грузинова.
260 ## - PUBLICATION, DISTRIBUTION, ETC.
Place of publication, distribution, etc. М.
260 ## - PUBLICATION, DISTRIBUTION, ETC.
Name of publisher, distributor, etc. Стройиздат.
260 ## - PUBLICATION, DISTRIBUTION, ETC.
Date of publication, distribution, etc. 1980.
300 ## - PHYSICAL DESCRIPTION
Extent 520 стр. 21см. с илл.
653 ## - INDEX TERM--UNCONTROLLED
Uncontrolled term Монтаж отопительно-производственных котельных установок.
942 ## - ADDED ENTRY ELEMENTS (KOHA)
Koha item type წიგნი
ეგზემპლარები
Withdrawn status Lost status Damaged status Not for loan Date acquired Barcode Date last seen Price effective from Koha item type
        2018-12-17 9316 2018-12-17 2018-12-17 წიგნი